000 00391nam a22001697a 4500
003 OSt
005 20220222085814.0
008 220222b |||||||| |||| 00| 0 eng d
020 _a0134087259
040 _cHU
082 _a658
100 _aEVANS R. JOEL
_931096
245 _aPRINCIPLE OF MAREKITING
260 _aADDIS ABEBA
_bETHIOPIA
_c1995
300 _aI-25
942 _2ddc
_cBOOKS
_n0
999 _c31131
_d31131